Pohled na kohabitaci a rodinu v České republice a Velké Británii z hlediska Evropské studie hodnot

Porovnanie situácie v Českej republike a Veľkej Británii na báze Európskej štúdie hodnôt na konci 90-tych rokov, v ktorej respondenti prezentujú svoje názory na otázky súvisiace s kohabitáciou a rodinou. Zmeny v demografickom správaní obyvateľstva, ktoré súvisia s partnerským spolužitím. Faktorová...

Descrizione completa

Salvato in:
Dettagli Bibliografici
Autore principale: Černá, Kateřina
Natura: Capitolo di libro
Lingua:ceco
Soggetti:
Tags: Aggiungi Tag
Nessun Tag, puoi essere il primo ad aggiungerne!!

MARC

LEADER 00000naa$a2200000$$$4500
001 0030540
005 20220715114510.9
041 0 |a cze 
044 |a CZ 
245 1 0 |a Pohled na kohabitaci a rodinu v České republice a Velké Británii z hlediska Evropské studie hodnot  |c Kateřina Černá 
520 |a Porovnanie situácie v Českej republike a Veľkej Británii na báze Európskej štúdie hodnôt na konci 90-tych rokov, v ktorej respondenti prezentujú svoje názory na otázky súvisiace s kohabitáciou a rodinou. Zmeny v demografickom správaní obyvateľstva, ktoré súvisia s partnerským spolužitím. Faktorová a korešpondenčná analýza názorov respondentov. 
610 2 0 |a rodina 
610 2 0 |a manželstvo 
610 2 0 |a hodnota 
610 2 0 |a Česko 
610 2 0 |a Veľká Británia 
610 2 0 |a ankety 
610 2 0 |a analýza faktorová 
610 2 0 |a správanie sociálne 
610 2 0 |a prieskum sociologický 
610 2 0 |a postoje 
100 1 |a Černá, Kateřina